000 00752nam a2200205 a 4500
003 0
005 20250218152028.0
008 110617s19uu xx 00 eng d
050 _aPHS RD 119
_b.J58 2011
100 _aJi, Sung Woo.
245 _aKorean working women and their inclination towards cosmetic surgery /
_cJi Sung Woo.
260 _aLas PiƱas City, Philippines :
_bSouthville International School and Colleges,
_c2011.
300 _a30 pages :
_billustrations ;
_c28 cm.
504 _aIncludes bibliographical references.
650 _aWorking women
_zKorea (South).
650 _aCosmetic surgery
_zKorea (South).
650 _aBody image
_xSocial aspects
_zKorea (South).
650 _aBeauty culture
_zKorea (South).
942 _2lcc
_cPASS
999 _c98527
_d98527